Ochránci divočiny : dobrodružná fantasy inspirovaná Minecraftem. Strážci tajgy /
Napínavý příběh o dívce vychovávané vlčí smečkou a její snaze ochránit společný lesní domov.
Uloženo v:
| Série: | Ochránci divočiny,
část 1 |
|---|---|
| Hlavní autor: | |
| Další autoři: | |
| Médium: | E-kniha |
| Jazyk: | Czech |
| Vydáno: |
V Brně :
CPress,
2023
|
| Vydání: | 1. vydání |
| Témata: | |
| Příbuzné jednotky: | Z cyklu::
Ochránci divočiny |
| Tagy: |
Žádné tagy |
| LEADER | 02817nam a2200541 i 4500 | ||
|---|---|---|---|
| 001 | 311873 | ||
| 003 | CZ PrSKC | ||
| 005 | 20260601215713.0 | ||
| 007 | ta | ||
| 008 | 230224s2023 xr a c 000 j cze | ||
| 015 | |a cnb003503532 | ||
| 020 | |a 9788026446569 |q (vázáno) : |c Kč 299,00 | ||
| 035 | |a (OCoLC)1375350627 | ||
| 040 | |a ABG001 |b cze |e rda | ||
| 041 | 1 | |a cze |h eng | |
| 072 | 7 | |a 821.111(73)-3 |x Americká próza |2 Konspekt | |
| 072 | 7 | |a 821-93 |x Literatura pro děti a mládež (beletrie) |2 Konspekt | |
| 080 | |a 821.111(73)-32 |2 MRF | ||
| 080 | |a 821-93 |2 MRF | ||
| 080 | |a (0:82-322.9) |2 MRF | ||
| 100 | 1 | |a Plays, Stacy, |d 1983- |7 xx0282563 |4 aut | |
| 240 | 1 | 0 | |a Guardians of the taiga. |l Česky |
| 245 | 1 | 0 | |a Ochránci divočiny : |b dobrodružná fantasy inspirovaná Minecraftem. |p Strážci tajgy / |c Stacy Plays ; z anglického originálu Wild rescuers - Guardians of the taiga ... přeložila Eva Kadlecová |
| 246 | 3 | 0 | |a Strážci tajgy |
| 250 | |a 1. vydání | ||
| 264 | 1 | |a V Brně : |b CPress, |c 2023 | |
| 300 | |a 197 stran : |b ilustrace ; |c 22 cm | ||
| 336 | |a text |b txt |2 rdacontent | ||
| 337 | |a bez média |b n |2 rdamedia | ||
| 338 | |a svazek |b nc |2 rdacarrier | ||
| 500 | |a Na hřbetu označení: 1 | ||
| 520 | 2 | |a Napínavý příběh o dívce vychovávané vlčí smečkou a její snaze ochránit společný lesní domov. |b Sandru vychovali vlci. Lidi k přežití nikdy nepotřebovala a ví o nich jen to, že jsou nebezpeční a nepředvídatelní. Kam až jí paměť sahá, je její jedinou rodinou smečka šesti majestátních a hravých vlků, se kterými dohlíží na bezpečí ostatních zvířat v lese. Pouští se do riskantních záchranných misí opírajících se o Sandřin bystrý rozum a jedinečné schopnosti každého z vlků. Nakladatelská anotace. Kráceno. | |
| 521 | 8 | |a Pro čtenáře od 8 let | |
| 655 | 7 | |a americké příběhy |7 fd131795 |2 czenas | |
| 655 | 7 | |a fantasy příběhy |7 fd184198 |2 czenas | |
| 655 | 7 | |a publikace pro děti |7 fd133156 |2 czenas | |
| 655 | 9 | |a American stories |2 eczenas | |
| 655 | 9 | |a fantasy stories |2 eczenas | |
| 655 | 9 | |a children's literature |2 eczenas | |
| 700 | 1 | |a Kadlecová, Eva, |d 1984- |7 xx0103153 |4 trl | |
| 765 | 1 | |t Wild rescuers | |
| 787 | 0 | 8 | |i Z cyklu: |t Ochránci divočiny |g 1 |
| 900 | |a ABA001 |b 20 | ||
| 928 | 9 | |a Albatros Media - CPress | |
| 044 | |a xr | ||
| 910 | |a RBIT002 | ||
| 998 | |d 371213 |a https://core.palmknihy.cz/api/books/371213/cover?si64j5 |b https://core.palmknihy.cz/api/books/371213/cover/400?si64j5 |c https://core.palmknihy.cz/api/books/371213/cover/50?si64j5 |e 2027-04-29 |g 200 |i 9788026446569 |j https://core.palmknihy.cz/api/books/371213/preview.epub |k https://core.palmknihy.cz/api/books/371213/preview.pdf |l |q 49 |r 1 |s https://www.palmknihy.cz/kniha/371213 |t ebook |y 2023 |z 0 |v Ochránci divočiny |w 1 | ||
| 999 | |d 311871 | ||